000 00316nam a2200133Ia 4500
008 240624s9999 xx 000 0 und d
041 _aeng
082 _a823 SHA
100 _aSHARMA ROBIN
245 _aDAILY INSPIRATION
260 _c2009
_aMumbai
_bJaico Publishing House
300 _a17 : cm.
365 _cRS
_b15
999 _c14569
_d14569